[Event "Airthings Masters KO 2022"]
[Site "chess24.com INT"]
[Date "2022.02.23"]
[Round "1.11"]
[White "Nepomniachtchi, Ian"]
[Black "Keymer, Vincent"]
[Result "1/2-1/2"]
[WhiteTitle "GM"]
[BlackTitle "GM"]
[WhiteElo "2773"]
[BlackElo "2664"]
[WhiteFideId "4168119"]
[BlackFideId "12940690"]
[EventDate "2022.02.23"]
[EventType "k.o."]

1. e4 c5 2. Nf3 d6 3. d4 cxd4 4. Nxd4 Nf6 5. Nc3 a6 6. Be2 e5 7. Nb3 Be7 8. O-O
O-O 9. Be3 Be6 10. Re1 Nc6 11. Bf3 Na5 12. Nxa5 Qxa5 13. Qd2 Qc7 14. a4 Rac8 15.
a5 h6 16. h3 Rfe8 17. Red1 Nd7 18. Nd5 Bxd5 19. Qxd5 Nf6 20. Qb3 Qc6 21. c3 Red8
22. Ra4 Nd7 23. Bg4 Rc7 24. Rb4 Nc5 25. Qc4 Bg5 26. Bxc5 Qxc5 27. Qa2 Bh4 28.
Rd2 g6 29. Kf1 h5 30. Bd1 Kg7 31. g3 Be7 32. Rb6 d5 33. Rxd5 Rxd5 34. Qxd5 Qxd5
35. exd5 Bc5 36. Rb3 f5 37. c4 Kf6 38. g4 h4 39. gxf5 gxf5 40. Rd3 e4 41. d6 Rd7
42. Rd5 Rxd6 43. Rxd6+ Bxd6 44. Ba4 Ke7 45. Ke2 Bb4 46. f3 exf3+ 47. Kxf3 Bxa5
48. c5 Bb4 49. c6 b5 50. Bc2 Kd6 51. Bxf5 Kxc6 52. Be6 Kd6 53. Bg8 Bd2 54. b3
Kc5 55. Kg2 1/2-1/2

[Event "Airthings Masters KO 2022"]
[Site "chess24.com INT"]
[Date "2022.02.23"]
[Round "1.11"]
[White "Carlsen, Magnus"]
[Black "Le, Quang Liem"]
[Result "1-0"]
[WhiteTitle "GM"]
[BlackTitle "GM"]
[WhiteElo "2865"]
[BlackElo "2709"]
[WhiteFideId "1503014"]
[BlackFideId "12401137"]
[EventDate "2022.02.23"]
[EventType "k.o."]

1. c4 Nf6 2. Nc3 e5 3. Nf3 Nc6 4. g3 d5 5. cxd5 Nxd5 6. Bg2 Bc5 7. O-O O-O 8.
Qc2 Nf6 9. a3 Bb6 10. e3 a5 11. b3 Bg4 12. Bb2 Qd7 13. Na4 Rfe8 14. d4 Bxf3 15.
Bxf3 exd4 16. Rfd1 Ne5 17. Bxb7 d3 18. Bxe5 dxc2 19. Rxd7 Nxd7 20. Bxa8 Rxa8 21.
Bb2 Nc5 22. Rc1 Nxb3 23. Rxc2 f6 24. Kf1 Rb8 25. Bc3 Kf7 26. Rb2 Ba7 27. Ke2 Ke6
28. Kd3 Kd5 29. e4+ Kc6 30. Kc4 Nc1 31. Rxb8 Bxb8 32. Bxa5 Ba7 33. Bd2 Ne2 34.
Kd3 Kb5 35. Nb2 Ng1 36. Be3 c5 37. f4 Nf3 38. h3 Bb6 39. Ke2 Nd4+ 40. Bxd4 cxd4
41. Kd3 Bc5 42. a4+ Kb4 43. e5 f5 44. e6 g6 45. g4 h6 46. g5 h5 47. h4 1-0

[Event "Airthings Masters KO 2022"]
[Site "chess24.com INT"]
[Date "2022.02.23"]
[Round "1.11"]
[White "Ding, Liren"]
[Black "Artemiev, Vladislav"]
[Result "1-0"]
[WhiteTitle "GM"]
[BlackTitle "GM"]
[WhiteElo "2799"]
[BlackElo "2700"]
[WhiteFideId "8603677"]
[BlackFideId "24101605"]
[EventDate "2022.02.23"]
[EventType "k.o."]

1. d4 d5 2. c4 e6 3. Nc3 Nf6 4. cxd5 exd5 5. Bg5 c6 6. e3 h6 7. Bh4 Be7 8. Bd3
O-O 9. Nge2 Re8 10. O-O a5 11. Rc1 Nbd7 12. f3 b5 13. Bf2 Nb6 14. Nf4 Bd6 15. b3
Bd7 16. Bb1 Ba3 17. Rc2 Bf5 18. Re2 Bxb1 19. Qxb1 Bd6 20. Rc2 Rc8 21. Nd3 Qe7
22. Ne2 Nbd7 23. Ng3 g6 24. Rfc1 Ba3 25. Re1 c5 26. e4 c4 27. bxc4 bxc4 28. Nf4
dxe4 29. Nxe4 Nxe4 30. fxe4 Qg5 31. g3 Nf6 32. h4 Qg4 33. e5 Nh5 34. Nxh5 Qxh5
35. Qb5 Qf3 36. Rxc4 Qd3 37. Rc5 Qxb5 38. Rxb5 Rc2 39. Re3 Bb4 40. a3 Bd2 41.
Rf3 Bc3 42. Rb7 Rd8 43. Rc7 Rc1+ 44. Kg2 Bb2 45. Rcxf7 Rc2 46. e6 Re8 47. e7
Bxa3 48. Rf8+ Rxf8 49. Rxf8+ 1-0

[Event "Airthings Masters KO 2022"]
[Site "chess24.com INT"]
[Date "2022.02.23"]
[Round "1.12"]
[White "Keymer, Vincent"]
[Black "Nepomniachtchi, Ian"]
[Result "1/2-1/2"]
[WhiteTitle "GM"]
[BlackTitle "GM"]
[WhiteElo "2664"]
[BlackElo "2773"]
[WhiteFideId "12940690"]
[BlackFideId "4168119"]
[EventDate "2022.02.23"]
[EventType "k.o."]

1. Nf3 d5 2. g3 g6 3. Bg2 Bg7 4. d4 Nf6 5. c4 dxc4 6. O-O O-O 7. Na3 c5 8. dxc5
c3 9. Nb5 Na6 10. Nxc3 Nxc5 11. Be3 Nce4 12. Nxe4 Nxe4 13. Bd4 Be6 14. Bxg7 Kxg7
15. Qd4+ Nf6 16. Rfd1 Qa5 17. Qe5 Qxe5 18. Nxe5 Rac8 19. Bxb7 Rb8 20. Bf3 Rxb2
21. Nd3 Rxa2 22. Rxa2 Bxa2 23. Ra1 Bd5 24. Bxd5 Nxd5 25. Rxa7 Rd8 26. Ne5 Kf8
27. Nd7+ Ke8 28. Ne5 f6 29. Nc6 Rd6 30. Nd4 Nc3 31. e3 Rb6 32. Rc7 Ne4 33. Rc2
Kf7 34. Kg2 Nd6 35. Rc7 Nb5 36. Nxb5 Rxb5 37. Rc2 h5 38. h4 Ra5 39. Rd2 Rb5 40.
Rc2 Ra5 41. Rd2 Rb5 42. Rc2 Ra5 1/2-1/2

[Event "Airthings Masters KO 2022"]
[Site "chess24.com INT"]
[Date "2022.02.23"]
[Round "1.13"]
[White "Nepomniachtchi, Ian"]
[Black "Keymer, Vincent"]
[Result "1-0"]
[WhiteTitle "GM"]
[BlackTitle "GM"]
[WhiteElo "2773"]
[BlackElo "2664"]
[WhiteFideId "4168119"]
[BlackFideId "12940690"]
[EventDate "2022.02.23"]
[EventType "k.o."]

1. e4 c5 2. Nf3 d6 3. d4 cxd4 4. Nxd4 Nf6 5. Nc3 a6 6. Be2 e5 7. Nb3 Be7 8. Be3
Be6 9. O-O O-O 10. Re1 Nc6 11. f3 b5 12. a4 bxa4 13. Nxa4 d5 14. Nac5 Bc8 15.
exd5 Nxd5 16. Bf2 Nd4 17. Bf1 Qc7 18. c3 Nxb3 19. Nxb3 Rd8 20. Qe2 Be6 21. Na5
Rab8 22. Qc4 Rxb2 23. Qxc7 Nxc7 24. Nc6 Re8 25. Nxe7+ Rxe7 26. Rxe5 h6 27. Rd1
Re8 28. c4 Reb8 29. Bd3 Ra2 30. Rc5 Ne8 31. Bg3 Rbb2 32. Bf1 Rd2 33. Rxd2 Rxd2
34. Ra5 Rd1 35. Kf2 Rc1 36. c5 Rc2+ 37. Ke3 Nf6 38. Bxa6 Nd5+ 39. Kd4 Rd2+ 40.
Bd3 Bf5 41. Kxd5 Bxd3 42. c6 Bf5+ 43. Ke5 Be6 44. c7 Re2+ 45. Kd6 Rxg2 46. Ra8+
Kh7 47. c8=Q Bxc8 48. Rxc8 Re2 49. Rc3 g5 50. Kd5 h5 51. Rc6 f5 52. Be5 f4 53.
h4 g4 54. fxg4 f3 55. g5 f2 56. Rf6 Rd2+ 57. Bd4 Re2 58. Rxf2 1-0

[Event "Airthings Masters KO 2022"]
[Site "chess24.com INT"]
[Date "2022.02.23"]
[Round "1.13"]
[White "Carlsen, Magnus"]
[Black "Le, Quang Liem"]
[Result "1/2-1/2"]
[WhiteTitle "GM"]
[BlackTitle "GM"]
[WhiteElo "2865"]
[BlackElo "2709"]
[WhiteFideId "1503014"]
[BlackFideId "12401137"]
[EventDate "2022.02.23"]
[EventType "k.o."]

1. d4 Nf6 2. c4 e6 3. Nf3 d5 4. Nc3 Bb4 5. Bg5 dxc4 6. e4 c5 7. dxc5 Bxc3+ 8.
bxc3 Qxd1+ 9. Rxd1 h6 10. Bxf6 gxf6 11. Bxc4 Nd7 12. c6 bxc6 13. Nd4 Bb7 14. f3
Ke7 15. Kf2 Rhc8 16. Rb1 Rc7 17. Rb3 a5 18. Rhb1 Ba6 19. Bxa6 Rxa6 20. Rb7 Kd8
21. Kg3 a4 22. Kh4 Ra5 23. R7b4 Ke7 24. f4 Rc5 25. Rxa4 Rxc3 26. Kh5 Nc5 27. Ra7
Rxa7 28. Nxc6+ Kf8 29. Nxa7 Ra3 30. Nc6 Kg7 31. e5 Rxa2 32. exf6+ Kxf6 33. Rg1
Nd3 34. Kxh6 Nxf4 35. Rf1 e5 36. Nxe5 Kxe5 37. g3 Rxh2+ 38. Kg7 Nh5+ 39. Kxf7
Nxg3 40. Ra1 Rh6 41. Ra5+ Kf4 42. Ra4+ Ne4 43. Ke7 Ke5 44. Ra5+ Kd4 45. Ra4+ Kd5
46. Ra5+ Nc5 47. Kf7 Rc6 48. Ra1 Ke5 49. Re1+ Ne4 50. Ke7 Rc7+ 51. Kd8 Ra7 52.
Ke8 Kd5 53. Kf8 Nd6 54. Kg8 Nf5 55. Kf8 Kd6 56. Rd1+ Ke6 57. Re1+ Kf6 58. Ke8
Ng7+ 59. Kd8 Ne6+ 60. Kc8 Ke7 61. Kb8 Rd7 62. Kc8 Rd6 63. Rh1 Rc6+ 64. Kb7 Nd8+
65. Kb8 Rc2 66. Re1+ Ne6 67. Kb7 Rc4 68. Kb6 Kd6 69. Kb5 Rc5+ 70. Kb4 Nd4 71.
Rh1 Rc8 72. Rh6+ Kd5 73. Rh5+ Ke4 74. Rh4+ Ke3 75. Rh3+ Nf3 76. Rh7 Kd3 77. Rh3
Ke4 78. Rh7 Ne5 79. Rh4+ Kd5 80. Rh5 Rc4+ 81. Kb3 Re4 82. Kc3 Re3+ 83. Kd2 Rg3
84. Kc2 Kd4 85. Rh4+ Ng4 86. Rh8 Ne3+ 87. Kb3 Nd5+ 88. Kb2 Nb6 89. Rh4+ Kc5 1/2-1/2

[Event "Airthings Masters KO 2022"]
[Site "chess24.com INT"]
[Date "2022.02.23"]
[Round "1.13"]
[White "Ding, Liren"]
[Black "Artemiev, Vladislav"]
[Result "0-1"]
[WhiteTitle "GM"]
[BlackTitle "GM"]
[WhiteElo "2799"]
[BlackElo "2700"]
[WhiteFideId "8603677"]
[BlackFideId "24101605"]
[EventDate "2022.02.23"]
[EventType "k.o."]

1. d4 d5 2. c4 c6 3. Nf3 Nf6 4. Nc3 e6 5. Bg5 Nbd7 6. cxd5 exd5 7. e3 Be7 8. Bd3
Ne4 9. Bf4 Ndf6 10. O-O O-O 11. Ne5 Bf5 12. Qc2 g6 13. f3 Nd6 14. g4 Bxd3 15.
Nxd3 Nfe8 16. e4 dxe4 17. fxe4 Ng7 18. Rad1 Ne6 19. Bh6 Re8 20. d5 cxd5 21. Nxd5
Nxe4 22. Ne5 Nd6 23. Qf2 Ng5 24. Kh1 Nge4 25. Qf3 f6 26. Nc4 Rc8 27. Nxd6 Bxd6
28. Qb3 Kh8 29. Qxb7 Rg8 30. Rde1 Rc2 31. Rxe4 Rxh2+ 32. Kg1 Rxh6 33. Rxf6 Rh3
34. b4 Rd3 35. Rf7 Qh4 36. Rxh7+ Qxh7 37. Qxh7+ Kxh7 38. Nf6+ Kg7 39. Nxg8 Kxg8 0-1

[Event "Airthings Masters KO 2022"]
[Site "chess24.com INT"]
[Date "2022.02.23"]
[Round "1.14"]
[White "Keymer, Vincent"]
[Black "Nepomniachtchi, Ian"]
[Result "1/2-1/2"]
[WhiteTitle "GM"]
[BlackTitle "GM"]
[WhiteElo "2664"]
[BlackElo "2773"]
[WhiteFideId "12940690"]
[BlackFideId "4168119"]
[EventDate "2022.02.23"]
[EventType "k.o."]

1. d4 Nf6 2. c4 e6 3. Nf3 d5 4. Nc3 c5 5. e3 Nc6 6. cxd5 exd5 7. Bb5 cxd4 8.
Nxd4 Bd7 9. O-O Bd6 10. Nf3 Bg4 11. h3 Bh5 12. b3 O-O 13. Be2 a6 14. Bb2 Bc7 15.
Nh4 Qd6 16. g3 Bg6 17. Nxg6 hxg6 18. Bf3 Rad8 19. Bg2 d4 20. exd4 Nxd4 21. Ne2
Nxe2+ 22. Qxe2 Rfe8 23. Qf3 Ne4 24. Rad1 Qb4 25. a3 Qb6 26. Rxd8 Bxd8 27. Qd3
Nc5 28. Qc4 Qxb3 29. Qxb3 Nxb3 30. Bxb7 Re2 31. Bc3 Rc2 32. Be5 Bb6 33. Bf4 a5
34. Bd5 a4 35. Be3 Bc5 36. Rb1 Bxa3 37. Bxb3 axb3 38. Rxb3 Bd6 39. Rd3 Rc6 40.
Kg2 f6 41. h4 Kf7 42. Kf3 Ke6 43. Rb3 Be7 44. Rb8 Ra6 45. Rb7 Rc6 46. Bd4 Ra6
47. Kg2 Ra4 48. Rb6+ Kf7 49. Be3 Rc4 50. Kf3 Rc7 51. Rb5 Ke6 52. Ke4 Rc4+ 53.
Kd3 Rc6 54. Rb7 Ra6 1/2-1/2

[Event "Airthings Masters KO 2022"]
[Site "chess24.com INT"]
[Date "2022.02.23"]
[Round "1.14"]
[White "Le, Quang Liem"]
[Black "Carlsen, Magnus"]
[Result "1/2-1/2"]
[WhiteTitle "GM"]
[BlackTitle "GM"]
[WhiteElo "2709"]
[BlackElo "2865"]
[WhiteFideId "12401137"]
[BlackFideId "1503014"]
[EventDate "2022.02.23"]
[EventType "k.o."]

1. d4 d5 2. c4 e6 3. Nc3 c5 4. cxd5 cxd4 5. Qa4+ Bd7 6. Qxd4 exd5 7. Qxd5 Nf6 8.
Qd1 Bc5 9. Nf3 Nc6 10. e3 O-O 11. Be2 Qe7 12. O-O Ne5 13. Nd4 Nc6 14. a3 a5 15.
b3 Rad8 16. Ncb5 Nxd4 17. Nxd4 Bxd4 18. Qxd4 Bb5 19. Qb2 Bxe2 20. Qxe2 Ne4 21.
a4 Rfe8 22. Ba3 Qe6 23. b4 Rd2 24. Qb5 Nxf2 25. Bc1 Nh3+ 26. Kh1 Nf2+ 27. Kg1
Nh3+ 28. Kh1 Nf2+ 29. Kg1 1/2-1/2

[Event "Airthings Masters KO 2022"]
[Site "chess24.com INT"]
[Date "2022.02.23"]
[Round "1.14"]
[White "Artemiev, Vladislav"]
[Black "Ding, Liren"]
[Result "1-0"]
[WhiteTitle "GM"]
[BlackTitle "GM"]
[WhiteElo "2700"]
[BlackElo "2799"]
[WhiteFideId "24101605"]
[BlackFideId "8603677"]
[EventDate "2022.02.23"]
[EventType "k.o."]

1. Nf3 d5 2. e3 Nf6 3. c4 e6 4. Nc3 Bd6 5. b3 b6 6. cxd5 exd5 7. Bb2 O-O 8. Nb5
Be7 9. Be5 Ne8 10. Rc1 c5 11. Bxb8 Rxb8 12. Nxa7 Bb7 13. Nb5 d4 14. Bc4 Nd6 15.
O-O Nxc4 16. bxc4 d3 17. Rc3 Bf6 18. Rb3 Qd7 19. Ne1 Qe6 20. Qc1 Rfd8 21. Rxd3
h5 22. Rxd8+ Rxd8 23. d3 Bc6 24. a4 Qd7 25. e4 Ra8 26. Nc3 Bxa4 27. Nd5 Bd8 28.
Nf3 Ra6 29. Qc3 b5 30. cxb5 Qxb5 31. h3 f6 32. Rc1 Rc6 33. Qa3 Qb3 34. Qxb3 Bxb3
35. Nd4 Bxd5 36. Nxc6 Bxc6 37. Rxc5 Bb7 38. Rb5 1-0

[Event "Airthings Masters KO 2022"]
[Site "chess24.com INT"]
[Date "2022.02.24"]
[Round "2.11"]
[White "Nepomniachtchi, Ian"]
[Black "Esipenko, Andrey"]
[Result "1/2-1/2"]
[WhiteTitle "GM"]
[BlackTitle "GM"]
[WhiteElo "2773"]
[BlackElo "2714"]
[WhiteFideId "4168119"]
[BlackFideId "24175439"]
[EventDate "2022.02.23"]
[EventType "k.o."]

1. e4 e5 2. Nf3 Nc6 3. Bc4 Bc5 4. O-O Nf6 5. d3 O-O 6. c3 d6 7. Re1 a5 8. h3 h6
9. Nbd2 Be6 10. Bb5 Nd7 11. Nf1 d5 12. Ng3 Re8 13. Be3 Bxe3 14. Rxe3 dxe4 15.
Bxc6 bxc6 16. dxe4 a4 17. Qc2 Qe7 18. Nf5 Qc5 19. N3h4 Kh7 20. Qd2 Qf8 21. c4 g6
22. Ng3 Nb6 23. Qc3 Nxc4 24. Ree1 Reb8 25. b3 Na3 26. Qxc6 Qd6 27. Rac1 Nb5 28.
Nf3 axb3 29. axb3 Bxb3 30. Qc5 f6 31. Re2 Ra1 32. Kh2 Rxc1 33. Qxc1 c5 34. Re3
c4 35. Nd2 Qb4 36. Rf3 Kg7 37. Nxb3 cxb3 38. Rd3 Nd4 39. Qc7+ Kg8 40. Nh5 Qb7
41. Nxf6+ Kh8 42. Qxe5 Nc6 43. Qf4 g5 44. Qf5 Qc7+ 45. g3 Ne5 46. Rc3 Qe7 47.
Nd5 Qg7 48. Rc7 Rf8 49. Rc8 Nd7 50. Rxf8+ Qxf8 51. Qxd7 Qxf2+ 52. Kh1 Qf1+ 53.
Kh2 Qf2+ 54. Kh1 Qf1+ 55. Kh2 Qf2+ 1/2-1/2

[Event "Airthings Masters KO 2022"]
[Site "chess24.com INT"]
[Date "2022.02.24"]
[Round "2.11"]
[White "Carlsen, Magnus"]
[Black "Artemiev, Vladislav"]
[Result "1-0"]
[WhiteTitle "GM"]
[BlackTitle "GM"]
[WhiteElo "2865"]
[BlackElo "2700"]
[WhiteFideId "1503014"]
[BlackFideId "24101605"]
[EventDate "2022.02.23"]
[EventType "k.o."]

1. c4 e5 2. g3 Nc6 3. Bg2 g6 4. Nc3 Bg7 5. e3 Nf6 6. Nge2 O-O 7. O-O d6 8. d4
exd4 9. exd4 Re8 10. h3 Ne7 11. Re1 c6 12. Bf4 d5 13. c5 Ne4 14. Bxe4 dxe4 15.
Nxe4 Nf5 16. N2c3 Be6 17. Be5 b6 18. b4 bxc5 19. Bxg7 Kxg7 20. dxc5 a5 21. b5
cxb5 22. Nxb5 Bd5 23. Nbd6 Re5 24. Nxf5+ gxf5 25. Qd4 f6 26. Nd6 Bc6 27. Rxe5
fxe5 28. Qxe5+ Qf6 29. Nxf5+ Kf7 30. Qc7+ Kf8 31. Re1 Qc3 32. Qxc6 Qxe1+ 33. Kg2
Ra7 34. Qf6+ Ke8 35. c6 1-0

[Event "Airthings Masters KO 2022"]
[Site "chess24.com INT"]
[Date "2022.02.24"]
[Round "2.12"]
[White "Esipenko, Andrey"]
[Black "Nepomniachtchi, Ian"]
[Result "0-1"]
[WhiteTitle "GM"]
[BlackTitle "GM"]
[WhiteElo "2714"]
[BlackElo "2773"]
[WhiteFideId "24175439"]
[BlackFideId "4168119"]
[EventDate "2022.02.23"]
[EventType "k.o."]

1. e4 e5 2. Nf3 Nc6 3. Bb5 a6 4. Ba4 Nf6 5. O-O Be7 6. d3 b5 7. Bb3 d6 8. c3 O-O
9. h3 Bb7 10. Bc2 Re8 11. Re1 Bf8 12. Nbd2 Ne7 13. a4 Ng6 14. Nf1 d5 15. Ng3 c5
16. Bd2 h6 17. b4 c4 18. dxc4 bxc4 19. exd5 Qxd5 20. Bxg6 fxg6 21. Be3 Qf7 22.
Nd2 Nd5 23. Nge4 Nf4 24. f3 Rad8 25. Qc2 Rd3 26. Nf2 Rxd2 27. Bxd2 Nxg2 28. Re4
Qxf3 29. Rg4 h5 30. Qxg6 Nf4 31. Rxf4 exf4 32. Bxf4 Re2 0-1

[Event "Airthings Masters KO 2022"]
[Site "chess24.com INT"]
[Date "2022.02.24"]
[Round "2.12"]
[White "Artemiev, Vladislav"]
[Black "Carlsen, Magnus"]
[Result "0-1"]
[WhiteTitle "GM"]
[BlackTitle "GM"]
[WhiteElo "2700"]
[BlackElo "2865"]
[WhiteFideId "24101605"]
[BlackFideId "1503014"]
[EventDate "2022.02.23"]
[EventType "k.o."]

1. d4 Nf6 2. c4 g6 3. Nc3 d5 4. Nf3 Bg7 5. Bg5 Ne4 6. Bf4 Nxc3 7. bxc3 c5 8. e3
O-O 9. cxd5 Qxd5 10. Be2 cxd4 11. cxd4 Qa5+ 12. Qd2 Qxd2+ 13. Kxd2 Nc6 14. Rhb1
Rd8 15. Ke1 b6 16. a4 Na5 17. Nd2 Bb7 18. g4 Rac8 19. Rc1 f6 20. g5 Bf8 21. Bc7
Rd7 22. Bg3 Rdd8 23. Bf3 Bxf3 24. Nxf3 h6 25. h4 Nb3 26. Rxc8 Rxc8 27. Rd1 Kf7
28. d5 Nc5 29. Rd4 Bg7 30. gxf6 exf6 31. Ke2 Nd7 32. Nd2 f5 33. Rc4 Rc5 34. f3
Rxd5 35. Rc7 Ke6 36. Rxa7 Ra5 37. Rxa5 bxa5 38. Nb3 Nb6 39. Nxa5 Nxa4 40. Nb3
Kd5 41. Nd2 Nc5 42. e4+ fxe4 43. fxe4+ Nxe4 44. Bf4 h5 45. Kf3 Nc5 46. Be3 Nd3
47. Bg5 Ne5+ 48. Kg3 Nf7 49. Bf4 Bf6 50. Bb8 Nh6 51. Kh3 Nf5 52. Bg3 Kd4 53.
Bf2+ Kd3 54. Nf3 Ke4 55. Nd2+ Kf4 56. Nc4 Kf3 57. Be1 Bd4 58. Bd2 Ng3 59. Bg5
Nf5 60. Nd2+ Ke2 61. Ne4 Be5 62. Nc5 Kf3 63. Ne6 Ng3 64. Bd8 Ne2 65. Ng5+ Kf4
66. Nf7 Kf5 67. Kg2 Bf4 68. Kh3 Nd4 69. Bg5 Bxg5 70. Nxg5 Kf4 71. Nf7 Nc6 72.
Ng5 Nd8 73. Kg2 Kg4 74. Nf3 Nf7 75. Kf2 Kf4 76. Kg2 Nd6 77. Kf2 Nc4 78. Kg2 Kg4
79. Kf2 Kh3 80. Kf1 Ne3+ 81. Kf2 Ng4+ 82. Ke1 Kg2 83. Ng5 Kg3 84. Ke2 Kxh4 85.
Ne4 g5 86. Kf3 Ne5+ 87. Kg2 g4 88. Kh2 Nf7 89. Kg2 Nh6 90. Kh2 Nf5 91. Kg2 g3
92. Kf3 Kh3 93. Kf4 h4 94. Ng5+ Kg2 95. Kg4 h3 96. Nxh3 Ne3+ 97. Kh4 Kh2 98. Ng5
g2 99. Nf3+ Kh1 100. Kg3 Nf5+ 101. Kf2 Nd4 102. Ng1 Kh2 0-1

[Event "Airthings Masters KO 2022"]
[Site "chess24.com INT"]
[Date "2022.02.24"]
[Round "2.13"]
[White "Nepomniachtchi, Ian"]
[Black "Esipenko, Andrey"]
[Result "1-0"]
[WhiteTitle "GM"]
[BlackTitle "GM"]
[WhiteElo "2773"]
[BlackElo "2714"]
[WhiteFideId "4168119"]
[BlackFideId "24175439"]
[EventDate "2022.02.23"]
[EventType "k.o."]

1. e4 e5 2. Nf3 Nc6 3. Bc4 Bc5 4. c3 Nf6 5. d3 d6 6. O-O O-O 7. Re1 a5 8. Bg5 h6
9. Bh4 g5 10. Bg3 Nh7 11. d4 Ba7 12. h3 h5 13. Nbd2 h4 14. Bh2 g4 15. hxg4 Bxg4
16. Be2 Qf6 17. Nc4 Bxf3 18. Bxf3 Ng5 19. Ne3 exd4 20. Nd5 Qg7 21. Bg4 dxc3 22.
bxc3 Ne5 23. Bxe5 Qxe5 24. Bf5 Rae8 25. Qh5 Qg7 26. Kf1 c6 27. Nf4 d5 28. exd5
Bb8 29. Qxh4 Bxf4 30. Qxf4 cxd5 31. Rad1 Qf6 32. Qg4 Qg7 33. Rxe8 Rxe8 34. Rxd5
Ne4 35. Qxe4 1-0

[Event "Airthings Masters KO 2022"]
[Site "chess24.com INT"]
[Date "2022.02.24"]
[Round "2.13"]
[White "Carlsen, Magnus"]
[Black "Artemiev, Vladislav"]
[Result "1/2-1/2"]
[WhiteTitle "GM"]
[BlackTitle "GM"]
[WhiteElo "2865"]
[BlackElo "2700"]
[WhiteFideId "1503014"]
[BlackFideId "24101605"]
[EventDate "2022.02.23"]
[EventType "k.o."]

1. g3 g6 2. Bg2 Bg7 3. d4 c5 4. c3 Qa5 5. Nd2 cxd4 6. Nb3 Qa4 7. cxd4 Nc6 8. e3
Nf6 9. Ne2 O-O 10. Nc3 Qa6 11. Qe2 b6 12. Bd2 Qxe2+ 13. Nxe2 Ba6 14. Bc3 e6 15.
Kd2 Rac8 16. Nbc1 d5 17. f3 Rfe8 18. Nd3 Nd7 19. Rac1 e5 20. Nxe5 Ndxe5 21. dxe5
Nxe5 22. Bxe5 Rxc1 23. Rxc1 Bxe5 24. Rc2 Bxe2 25. Kxe2 Bd4 26. e4 dxe4 27. fxe4
Re7 28. Kf3 Kg7 29. Bf1 Be5 30. Bc4 Rc7 31. b3 h5 32. Rd2 Re7 33. a4 Kf6 34. h4
Kg7 35. Rd8 Bc7 36. Ra8 Bd6 37. Rd8 Be5 38. Bb5 Rc7 39. Bc4 Re7 40. Bb5 Rc7 41.
Bc4 Re7 1/2-1/2